000 00307nam a22001337a 4500
008 260223b ||||| |||| 00| 0 eng d
020 _a995105000
041 _aShqip
080 _a2.1
100 _a20.1
101 _avepra
245 _aGjuha e Dhunës dhe Zëri i Arsyes
_cFehmi Agani
942 _2lcc
_cBK
999 _c60844
_d60844